Les pays d'Europe ayant le plus de tramways - Statistiques

Statistiques générales
  • Ce quiz a été pris 134 fois
  • Le résultat moyen est 10 sur 11
Statistiques - réponses
Nombre Pays % Correct
16 Espagne
100%
28 France
100%
58 Allemagne
99%
10 Italie
98%
7 Royaume-Uni
98%
35 Russie
94%
15 Pologne
89%
347 Belgique
84%
10 Roumanie
80%
21 Ukraine
79%
7 République tchèque
75%
Aucun quiz correspondant
Distribution des résultats
% des personnes avec chaque résultat
Percentile par nombre de réponses
Votre historique - résultats
Vous n’avez pas pris ce quiz